Ah Beyoğlu vah Beyoğlu (Record no. 2031)

MARC details
000 -BAŞLIK
Sabit Uzunlukta Kontrol Alanı 00669na a2200253 4500
001 - KONTROL NUMARASI
Denetim Alanı 14838
003 - KONTROL NUMARASI IDENTIFIER
Denetim Alanı MIRAKIL
005 - SON İŞLEM TARİHİ VE ZAMANI
Denetim Alanı 20181213154843.0
008 - SABİT-BOY VERİ ELEMANLARI - GENEL BİLGİLER
Sabit Uzunlukta Kontrol Alanı 161031b tu 000 0
020 ## - ULUSLARARASI STANDART KİTAP NUMARASI
Uluslararası Standart Kitap Numarası 9757496103
040 ## - KATALOGLAMA KAYNAK
Orijinal Kataloglama Ajansı Milas
Kataloglama Dili tur
Metne Dönüştürmek Ajansı TR-AnCHP
041 ## - DİL KODU
Metin / Ses Parça Veya Ayrı Başlığın Dil Kodu tur
082 ## - DEWEY ONLU SINIFLANDIRMA NUMARASI
Sınıflandırma Numarası 818.42
Ürün Numarası B56a 1993
090 ## - SINIFLAMA NUMARASI
Sınıflama Numarası 818.42 B56a 1993
100 ## - ANA GİRİŞ - KİŞİSEL İSİM
Kişisel Ad Birsel, Salah
Bir Adıyla İlişkilendirilen Tarihler 1919-1999
245 ## - BAŞLIK TABLOSU
Başlık Ah Beyoğlu vah Beyoğlu
Başlığın Kalan Salah bey tarihi 2
Sorumluluk Tablosu, Vb Salah Birsel
246 ## - UNVAN FORM VARYING
Başlığın Kalan Salah bey tarihi 2
250 ## - EDITION TABLOSU
Baskı Beyanı 5. bs.
260 ## - YAYIN, DAĞITIM, VB
Yayın, Dağıtım, Vb Yeri İstanbul
Yayıncı, Dağıtıcı, Vs Adı Nisan
Yayın, Dağıtım, Vb Tarihi 1993
300 ## - FİZİKSEL TANIM
Kapsam 287 s.
Boyutlar 20 sm.
490 ## - SERİSİ TABLOSU
Seri Beyanı Nisan yayını
Hacim / Ardışık Tanımı 14
650 ## - KONU KATMA GİRİŞ - TOPİKAL DÖNEM
Topikal Süreli Veya Coğrafi Ad Giriş Elemanı Türk edebiyatı
Genel Alt Bölümü Öykü
942 ## - EKLENDİ GİRİŞ ELEMANLARI (KOHA)
Sınıflandırma Veya Raf Düzeni Kaynak Dewey Decimal Classification
Koha Öğesi Türü Books
999 ## - SİSTEM KONTROL NUMARALARI (KOHA)
Koha Biblionumber 2031
Koha Biblioitemnumber 2031
Holdings
Kalıcı Konum Mevcut Konum Edinme Tarihi Edinim Kaynak Toplam Check-Out'Lar Tam Çağrı Numarası Barkod Tarih Son Görülme İtibaren Geçerli Fiyatlar Koha Öğesi Türü
CHP Kütüphanesi CHP Kütüphanesi 09/01/2016 Bağış   818.42 B56a 1993 002220 09/01/2016 09/01/2016 Books